LEADER 01103nam0 2200277 450 001 000008674 005 20071130161253.0 010 $a88-14-09977-4 100 $a20071130d2003----km-y0itay50------ba 101 0 $aita 102 $aIT 105 $ay-------001yy 200 1 $a<>nuovo ordinamento regionale$ecompetenze e diritti$fa cura di Silvio Gambino 210 $aMilano$cGiuffrè$d2003 215 $aXI, 496 p.$d24 cm 225 2 $aUniversità degli studi della Calabria, Dipartimento di organizzazione aziendale e amministrazione pubblica, Area giuspubblicistica$v3 300 $aParte degli atti di un convegno tenuto a Arcavacata di Rende nel 2002 410 0$12001$aUniversità degli studi della Calabria, Dipartimento di organizzazione aziendale e amministrazione pubblica, Area giuspubblicistica$v3 610 1 $aRegione - Ordinamento 676 $a342.45042$v21 702 1$aGambino,$bSilvio 801 0$aIT$bUNIPARTHENOPE$c20071130$gRICA$2UNIMARC 912 $a000008674 951 $aI-0071$b036074$cNAVA3$d2007 996 $aNuovo ordinamento regionale$968353 997 $aUNIPARTHENOPE LEADER 01127nam 2200373 450 001 9910409744803321 005 20221016103645.0 010 $a1-83880-256-8 035 $a(CKB)4100000011335546 035 $a(NjHacI)994100000011335546 035 $a(EXLCZ)994100000011335546 100 $a20221016d2020 uy 0 101 0 $aeng 135 $aur||||||||||| 181 $ctxt$2rdacontent 182 $cc$2rdamedia 183 $acr$2rdacarrier 200 00$aAflatoxin B1 occurrence, detection and toxicological effects /$fedited by Xi-Dai Long 210 1$aLondon, United Kingdom :$cIntechOpen,$d[2020] 210 4$d©2020 215 $a1 online resource (220 pages) $cillustrations 225 0 $aBiochemistry ;$vVolume 14 311 $a1-83880-255-X 320 $aIncludes bibliographical references. 606 $aAflatoxins 615 0$aAflatoxins. 676 $a615.95295657 702 $aLong$b Xi-Dai 801 0$bNjHacI 801 1$bNjHacl 906 $aBOOK 912 $a9910409744803321 996 $aAflatoxin B1 Occurrence, Detection and Toxicological Effects$92285219 997 $aUNINA